ARRUPE JESUIT UNIVERSITY

CORONAVIRUS -STOP THE SPREAD - CLEAN,DISINFECT,COVER

The foolishness of God. (Record no. 131525)

MARC details
000 -LEADER
fixed length control field 00752nam a2200277 4500
001 - CONTROL NUMBER
control field 3203564
003 - CONTROL NUMBER IDENTIFIER
control field ARRUPE
005 - DATE AND TIME OF LATEST TRANSACTION
control field 20221116140352.0
008 - FIXED-LENGTH DATA ELEMENTS--GENERAL INFORMATION
fixed length control field 701007s1970 enk b 000 0 eng
010 ## - LIBRARY OF CONGRESS CONTROL NUMBER
LC control number 77509656
015 ## - NATIONAL BIBLIOGRAPHY NUMBER
National bibliography number B70-09236
020 ## - INTERNATIONAL STANDARD BOOK NUMBER
International Standard Book Number 023251075X
028 ## - PUBLISHER NUMBER
Source Arrupe
040 ## - CATALOGING SOURCE
Original cataloging agency DLC
Transcribing agency DLC
Modifying agency DLC
050 00 - LIBRARY OF CONGRESS CALL NUMBER
Classification number BT77
Item number .B27 1970
082 00 - DEWEY DECIMAL CLASSIFICATION NUMBER
Classification number 231
300 ## - PHYSICAL DESCRIPTION
Dimensions 23 cm.
100 1# - MAIN ENTRY--PERSONAL NAME
Personal name Baker, John Austin.
9 (RLIN) 51853
245 14 - TITLE STATEMENT
Title The foolishness of God.
260 ## - PUBLICATION, DISTRIBUTION, ETC. (IMPRINT)
Place of publication, distribution, etc London,
Name of publisher, distributor, etc Darton, Longman & Todd,
Date of publication, distribution, etc 1970.
300 ## - PHYSICAL DESCRIPTION
Extent 443
350 ## - PRICE (NR) (BK AM CF MU VM SE) [OBSOLETE]
Price 63/-
504 ## - BIBLIOGRAPHY, ETC. NOTE
Bibliography, etc Includes bibliographical references.
650 #0 - SUBJECT ADDED ENTRY--TOPICAL TERM
Topical term or geographic name as entry element Theology, Doctrinal
General subdivision Popular works.
9 (RLIN) 2700
906 ## - LOCAL DATA ELEMENT F, LDF (RLIN)
a 7
b cbc
c orignew
d 3
e ncip
f 19
g y-gencatlg
942 ## - ADDED ENTRY ELEMENTS (KOHA)
Source of classification or shelving scheme Library of Congress Classification
Koha item type Monograph ( Printed materials)
Holdings
Withdrawn status Lost status Source of classification or shelving scheme Damaged status Not for loan Home library Current library Shelving location Date acquired Total Checkouts Full call number Barcode Date last seen Price effective from Koha item type
    Library of Congress Classification     ARRUPE LIBRARY ARRUPE LIBRARY Main Collection 16/11/2022   BT77 .B27 1970 46700000068 16/11/2022 16/11/2022 Monograph ( Printed materials)

 

Arrupe Library. PO Box MP320 Mt Pleasant, Harare, Zimbabwe
263 242 745411|librarian@aju.ac.zw